[Event "Veneto-ch qf 81st"]
[Site "Verona"]
[Date "2022.05.08"]
[Round "5.16"]
[White "Bertani, Gianfranco"]
[Black "Gregory, Matteo"]
[Result "1-0"]
[WhiteElo "1946"]
[BlackElo "1329"]
[PlyCount "99"]
[EventDate "2022.05.06"]
[EventType "swiss"]
[EventRounds "5"]
[EventCountry "ITA"]
[SourceTitle "EXT 2024"]
[Source "ChessBase"]
[SourceDate "2023.10.10"]
[SourceVersion "1"]
[SourceVersionDate "2023.10.10"]
[SourceQuality "1"]

1. d4 Nf6 2. e3 g6 3. f4 Bg7 4. Nf3 d5 5. Bd3 Bg4 6. Nbd2 0-0 7. 0-0 b6 8. h3 Bd7 9. Ne5 c5 10. c3 c4 11. Bc2 b5 12. e4 Qc8 13. Nxd7 Nbxd7 14. e5 Ne8 15. f5 Bxe5 16. dxe5 Nxe5 17. Nf3 Nxf3+ 18. Qxf3 Nf6 19. Bh6 Re8 20. Rae1 Qd7 21. fxg6 hxg6 22. Qg3 Kh7 23. Qh4 Rh8 24. Bg5+ Kg8 25. Qd4 a5 26. Qe5 Rh5 27. h4 Nh7 28. Qxe7 Qxe7 29. Bxe7 Re8 30. g3 f5 31. Bc5 Rc8 32. Bd4 Kf7 33. Bd1 Nf6 34. Bxh5 Nxh5 35. Kg2 b4 36. g4 Ng7 37. Bxg7 Kxg7 38. gxf5 gxf5 39. Rxf5 Rc5 40. h5 Rb5 41. Kh3 bxc3 42. bxc3 Rb2 43. Rg1+ Kh7 44. Rg2 Rb5 45. Rf7+ Kh8 46. Re2 Rb8 47. Rd7 Kg8 48. h6 Kf8 49. h7 Rb7 50. h8Q# 1-0

[Event "Veneto-ch qf 81st"]
[Site "Verona"]
[Date "2022.05.08"]
[Round "4.13"]
[White "Bertani, Gianfranco"]
[Black "Tommasi, Matteo"]
[Result "0-1"]
[WhiteElo "1946"]
[BlackElo "999"]
[PlyCount "56"]
[EventDate "2022.05.06"]
[EventType "swiss"]
[EventRounds "5"]
[EventCountry "ITA"]
[SourceTitle "EXT 2024"]
[Source "ChessBase"]
[SourceDate "2023.10.10"]
[SourceVersion "1"]
[SourceVersionDate "2023.10.10"]
[SourceQuality "1"]

1. d4 d5 2. Bf4 Nf6 3. e3 c5 4. Nc3 a6 5. Be2 Nc6 6. Bf3 e6 7. Nge2 Bd6 8. Bg3 Bxg3 9. hxg3 Qd6 10. g4 b5 11. g5 Nd7 12. Ng3 cxd4 13. exd4 Qf4 14. Nxd5 exd5 15. Bxd5 Bb7 16. g6 0-0-0 17. gxf7 Nf6 18. Be6+ Kb8 19. c3 Bc8 20. Bxc8 Rxc8 21. 0-0 h5 22. a4 h4 23. Ne2 Qe4 24. f3 Qe3+ 25. Rf2 h3 26. gxh3 Rxh3 27. axb5 Rh1+ 28. Kxh1 Qxf2 0-1

[Event "Veneto-ch qf 81st"]
[Site "Verona"]
[Date "2022.05.07"]
[Round "2.2"]
[White "Bertani, Gianfranco"]
[Black "Kosarev, Andrei M"]
[Result "0-1"]
[WhiteElo "1946"]
[BlackElo "2306"]
[PlyCount "32"]
[EventDate "2022.05.06"]
[EventType "swiss"]
[EventRounds "5"]
[EventCountry "ITA"]
[SourceTitle "EXT 2024"]
[Source "ChessBase"]
[SourceDate "2023.10.10"]
[SourceVersion "1"]
[SourceVersionDate "2023.10.10"]
[SourceQuality "1"]

1. d4 f5 2. Bf4 Nf6 3. e3 e6 4. Bd3 b6 5. h3 Bb7 6. Nf3 Bd6 7. Bxd6 cxd6 8. Nc3 a6 9. Qe2 Ne4 10. g4 Qc7 11. 0-0-0 Nxc3 12. bxc3 Qc6 13. Nd2 Qxc3 14. Nc4 Bxh1 15. f3 d5 16. Nxb6 Qa3+ 0-1

[Event "Veneto-ch qf 81st"]
[Site "Verona"]
[Date "2022.05.07"]
[Round "3.9"]
[White "Negro, Raffaele"]
[Black "Bertani, Gianfranco"]
[Result "1-0"]
[WhiteElo "1655"]
[BlackElo "1946"]
[PlyCount "79"]
[EventDate "2022.05.06"]
[EventType "swiss"]
[EventRounds "5"]
[EventCountry "ITA"]
[SourceTitle "EXT 2024"]
[Source "ChessBase"]
[SourceDate "2023.10.10"]
[SourceVersion "1"]
[SourceVersionDate "2023.10.10"]
[SourceQuality "1"]

1. d4 Nf6 2. Nf3 e6 3. e3 b6 4. Bd3 Bb7 5. 0-0 d5 6. Nbd2 Nbd7 7. c4 Ne4 8. Qc2 f5 9. cxd5 exd5 10. Ne5 Nxe5 11. dxe5 g6 12. Nxe4 fxe4 13. Bb5+ Kf7 14. Bc6 Bxc6 15. Qxc6 Be7 16. Rd1 Rf8 17. Rxd5 Qe8 18. e6+ Kg7 19. Rd7 Rd8 20. Bd2 Kh6 21. Qxc7 Rxd7 22. exd7 Qf7 23. Qf4+ Qxf4 24. exf4 Rd8 25. f5+ g5 26. Rd1 Kh5 27. Bc3 Rf8 28. h3 g4 29. Bg7 Rf7 30. f6 Bd8 31. Rd5+ Kg6 32. hxg4 a6 33. Kf1 b5 34. Ke2 h6 35. Ke3 b4 36. Kxe4 a5 37. Ke5 a4 38. Ke6 b3 39. axb3 axb3 40. f4 1-0

[Event "Verona-chT Serie B/5 51st"]
[Site "Verona"]
[Date "2019.03.15"]
[Round "1.3"]
[White "Bertani, Gianfranco"]
[Black "Tencati, Giuseppe"]
[Result "1/2-1/2"]
[WhiteElo "1935"]
[BlackElo "2160"]
[PlyCount "114"]
[EventDate "2019.03.15"]
[EventType "team-tourn"]
[EventRounds "5"]
[EventCountry "ITA"]
[SourceTitle "EXT 2022"]
[Source "ChessBase"]
[SourceDate "2021.10.06"]
[SourceVersion "1"]
[SourceVersionDate "2021.10.06"]
[SourceQuality "1"]
[WhiteTeam "Valpolicella"]
[BlackTeam "Piacenza CC"]
[WhiteTeamCountry "ITA"]
[BlackTeamCountry "ITA"]

1. d4 d5 2. Bf4 Nf6 3. Nf3 Bf5 4. e3 e6 5. Bb5+ c6 6. Be2 h6 7. h3 Bd6 8. Ne5 0-0 9. Nd2 c5 10. 0-0 Nc6 11. c3 Rc8 12. Ndf3 Qc7 13. Rc1 c4 14. b4 Ne4 15. Nxc6 Qxc6 16. Bxd6 Qxd6 17. Nd2 b5 18. Nxe4 Bxe4 19. a4 a5 20. f3 Bg6 21. bxa5 Ra8 22. axb5 Rxa5 23. Ra1 Rfa8 24. Rxa5 Rxa5 25. Qd2 Qa3 26. e4 Rxb5 27. exd5 exd5 28. Qe3 Kh7 29. f4 Bc2 30. f5 Rb1 31. Rxb1 Bxb1 32. Bf3 Qa5 33. Qe5 Qxc3 34. Bxd5 Qc1+ 35. Kh2 Qg5 36. Bxf7 Qxf5 37. Qxf5+ Bxf5 38. Bxc4 Kg6 39. Kg3 Kf6 40. Kf4 g5+ 41. Ke3 h5 42. Bd5 h4 43. Be4 Bd7 44. Bf3 Bf5 45. Kd2 Ke7 46. Ke3 Kf6 47. Bg4 Bb1 48. Bc8 Bg6 49. Kf3 Bc2 50. d5 Ke5 51. Kg4 Kf6 52. Kh5 Be4 53. d6 Bxg2 54. Bg4 Bc6 55. d7 Bxd7 56. Bxd7 Kg7 57. Kxg5 Kh8 1/2-1/2

[Event "Padova del Santo op-A 6th"]
[Site "Padova"]
[Date "2019.02.17"]
[Round "5.7"]
[White "Litrico, Paolo"]
[Black "Bertani, Gianfranco"]
[Result "1-0"]
[WhiteElo "1883"]
[BlackElo "1974"]
[PlyCount "87"]
[EventDate "2019.02.15"]
[EventType "swiss"]
[EventRounds "5"]
[EventCountry "ITA"]
[SourceTitle "EXT 2024"]
[Source "ChessBase"]
[SourceDate "2023.10.10"]
[SourceVersion "1"]
[SourceVersionDate "2023.10.10"]
[SourceQuality "1"]

1. d4 d5 2. Bf4 e6 3. e3 f5 4. Qh5+ g6 5. Qf3 Nf6 6. Nd2 Bg7 7. h3 0-0 8. Bd3 c5 9. c3 Nc6 10. Ne2 Ne4 11. h4 e5 12. dxe5 Be6 13. Bxe4 dxe4 14. Qg3 Qd3 15. Rd1 Rad8 16. b3 Rd7 17. h5 Rfd8 18. hxg6 h5 19. Rxh5 Qc2 20. Nd4 cxd4 21. exd4 Qd3 22. Qxd3 exd3 23. Nf3 Bd5 24. Rxd3 Be4 25. Rd2 Bxf3 26. gxf3 Ne7 27. Bg5 Rf8 28. Bxe7 Rxe7 29. f4 Re6 30. d5 Rxg6 31. d6 Re6 32. c4 Bf6 33. Rh6 Kf7 34. Rxf6+ Rxf6 35. exf6 Kxf6 36. d7 Rd8 37. Ke2 Ke6 38. Ke3 b6 39. Rd5 a6 40. Kd4 a5 41. a3 Kf6 42. b4 axb4 43. axb4 Ke6 44. c5 1-0

[Event "Treviso Lega Master op 2nd"]
[Site "Treviso"]
[Date "2018.04.03"]
[Round "2"]
[White "Bertani, Gianfranco"]
[Black "Sirena, Gianni"]
[Result "1/2-1/2"]
[WhiteElo "1975"]
[BlackElo "2092"]
[PlyCount "115"]
[EventDate "2018.03.02"]
[EventType "swiss"]
[EventRounds "5"]
[EventCountry "ITA"]
[SourceTitle "EXT 2022"]
[Source "ChessBase"]
[SourceDate "2021.10.06"]
[SourceVersion "1"]
[SourceVersionDate "2021.10.06"]
[SourceQuality "1"]

1. d4 Nf6 2. e3 g6 3. Bd3 Bg7 4. f4 0-0 5. Nf3 d6 6. Nbd2 Nc6 7. 0-0 e5 8. fxe5 dxe5 9. Bb5 exd4 10. Bxc6 dxe3 11. Nc4 Qxd1 12. Rxd1 e2 13. Re1 bxc6 14. Nce5 Re8 15. c3 Nd5 16. Nxc6 a5 17. Bd2 a4 18. Rac1 Ba6 19. c4 Ne7 20. Ncd4 c5 21. Nb5 Bxb5 22. cxb5 Bxb2 23. Rxc5 Nf5 24. b6 Rab8 25. Ba5 Nd6 26. Rc6 Nb7 27. Bb4 Nd8 28. Rc2 a3 29. Rcxe2 Ne6 30. Bc5 Bc3 31. Rc1 Bb2 32. Rcc2 Red8 33. Bf2 Nf4 34. Red2 Nd3 35. Bg3 Nb4 36. Bxb8 Rxb8 37. Rxb2 axb2 38. Rxb2 Rxb6 39. a3 Nd5 40. Rxb6 Nxb6 41. Kf2 f5 42. Ke2 Kf7 43. Ng5+ Kg7 44. Kd3 h6 45. Ne6+ Kf6 46. Nc5 Ke5 47. Nb3 g5 48. Nd2 Kd5 49. h3 h5 50. h4 gxh4 51. Nf3 Nc4 52. a4 f4 53. Nxh4 Nb2+ 54. Ke2 Nxa4 55. Kf3 Ke5 56. Ng6+ Kf5 57. Nxf4 Kg5 58. Nxh5 1/2-1/2

[Event "Arco Christmas op 6th"]
[Site "Arco"]
[Date "2015.12.27"]
[Round "2"]
[White "Bertani, Gianfranco"]
[Black "Orsatti, Marcello"]
[Result "1-0"]
[WhiteElo "2137"]
[BlackElo "1913"]
[PlyCount "57"]
[EventDate "2015.12.26"]
[EventType "swiss"]
[EventRounds "7"]
[EventCountry "ITA"]
[SourceTitle "CBM 170 Extra"]
[Source "ChessBase"]
[SourceDate "2016.02.25"]
[SourceVersion "1"]
[SourceVersionDate "2016.02.25"]
[SourceQuality "1"]

1. d4 d5 2. e3 Nf6 3. Bd3 e6 4. Nd2 c5 5. c3 Be7 6. f4 b6 7. Qe2 Bb7 8. Ngf3 Nbd7 9. Ne5 0-0 10. 0-0 Ne4 11. Ndf3 Ndf6 12. g4 Nd6 13. g5 Nfe4 14. Ng4 f6 15. gxf6 Bxf6 16. Bd2 Qe8 17. Nfe5 Nxd2 18. Qxd2 c4 19. Bc2 Bxe5 20. Nxe5 Nf7 21. Nf3 Kh8 22. Qg2 Nd6 23. Ne5 Nf5 24. Bxf5 Rxf5 25. Rf3 Qe7 26. Rg3 Kg8 27. Kh1 Kf8 28. Rg1 g6 29. Rxg6 1-0

[Event "Arco Christmas op 5th"]
[Site "Arco"]
[Date "2014.12.27"]
[Round "2"]
[White "Negro, Roberto"]
[Black "Bertani, Gianfranco"]
[Result "0-1"]
[WhiteElo "2143"]
[BlackElo "2019"]
[PlyCount "109"]
[EventDate "2014.12.26"]
[EventType "swiss"]
[EventRounds "7"]
[EventCountry "ITA"]
[SourceTitle "CBM 164 Extra"]
[Source "ChessBase"]
[SourceDate "2015.03.02"]
[SourceVersion "1"]
[SourceVersionDate "2015.03.02"]
[SourceQuality "1"]

1. c4 f5 2. Nf3 Nf6 3. g3 e6 4. Bg2 d5 5. 0-0 c6 6. d3 Be7 7. Nbd2 0-0 8. a3 a5 9. b3 Nbd7 10. Bb2 Qe8 11. Qb1 Qh5 12. b4 e5 13. Bxe5 Nxe5 14. Nxe5 axb4 15. Nef3 bxa3 16. e3 Rb8 17. Rc1 dxc4 18. Nxc4 Be6 19. Nxa3 g5 20. Nd4 Bd5 21. Bxd5+ Nxd5 22. Qb3 Kh8 23. Qd1 Qxd1+ 24. Rxd1 Bf6 25. Rac1 f4 26. Ne6 Rfe8 27. e4 Nc3 28. Rxc3 Bxc3 29. Nxg5 fxg3 30. hxg3 b5 31. Nf7+ Kg7 32. Nd6 Red8 33. Nf5+ Kf8 34. Kf1 b4 35. Nb1 Bf6 36. Ke2 Ra8 37. f4 Ra2+ 38. Ke3 Ra1 39. e5 Be7 40. Ke4 c5 41. Rc1 Rd7 42. Rh1 Kg8 43. g4 b3 44. e6 Rb7 45. Nxe7+ Rxe7 46. Ke5 Ra5 47. Kf6 Rg7 48. Nc3 Rg6+ 49. Ke5 b2 50. Rb1 c4+ 51. Nd5 c3 52. g5 h6 53. Kf5 Rg7 54. Kf6 c2 55. Kf5 0-1

[Event "Basso Veronese op 7th"]
[Site "Casaleone"]
[Date "2014.05.17"]
[Round "3"]
[White "Bertani, Gianfranco"]
[Black "Benetti, Lorenzo"]
[Result "1-0"]
[WhiteElo "2048"]
[BlackElo "1686"]
[PlyCount "55"]
[EventDate "2014.05.16"]
[EventType "swiss"]
[EventRounds "5"]
[EventCountry "ITA"]
[SourceTitle "EXT 2015"]
[Source "ChessBase"]
[SourceDate "2014.11.20"]
[SourceVersion "1"]
[SourceVersionDate "2014.11.20"]
[SourceQuality "1"]

1. d4 f5 2. Nc3 Nf6 3. Bg5 d5 4. e3 e6 5. Nf3 Nbd7 6. Ne5 Bd6 7. f4 c6 8. Bd3 Qc7 9. Qe2 0-0 10. h3 Ne4 11. Bxe4 fxe4 12. 0-0-0 b5 13. Rdg1 Bb4 14. Nd1 Nxe5 15. dxe5 Rf7 16. g4 Bd7 17. Bh4 Qa5 18. Kb1 Qb6 19. g5 Rf5 20. Nf2 Bc5 21. Ng4 Bf8 22. Bg3 a5 23. h4 b4 24. h5 Be7 25. Be1 c5 26. Nf6+ gxf6 27. gxf6+ Kf7 28. Rg7+ 1-0

[Event "Verona Province-ch"]
[Site "Zevio Verona"]
[Date "2014.01.26"]
[Round "5"]
[White "Zanchetta, Nicola"]
[Black "Bertani, Gianfranco"]
[Result "1-0"]
[WhiteElo "1897"]
[BlackElo "2071"]
[PlyCount "103"]
[EventDate "2014.01.18"]
[EventType "swiss"]
[EventRounds "6"]
[EventCountry "ITA"]
[SourceTitle "EXT 2015"]
[Source "ChessBase"]
[SourceDate "2014.11.20"]
[SourceVersion "1"]
[SourceVersionDate "2014.11.20"]
[SourceQuality "1"]

1. e4 c5 2. Nf3 Nc6 3. d4 cxd4 4. Nxd4 e5 5. Nb5 d6 6. c4 Be7 7. N1c3 a6 8. Na3 Be6 9. Be2 Bg5 10. 0-0 Bxc1 11. Rxc1 Nge7 12. Qd2 0-0 13. Nc2 Ng6 14. Rfd1 Nf4 15. Bf1 Qg5 16. Nd5 Rad8 17. Nxf4 exf4 18. f3 Ne5 19. Nd4 Bc8 20. Rc3 Qh6 21. Ne2 f5 22. exf5 Rxf5 23. Qd5+ Nf7 24. Qe4 g5 25. Rd5 Re5 26. Rxe5 dxe5 27. c5 Qc6 28. Qxc6 bxc6 29. Rb3 Be6 30. Rb6 Rd1 31. Nc3 Rc1 32. Kf2 g4 33. Bd3 gxf3 34. gxf3 Ng5 35. Rxc6 Nh3+ 36. Ke2 Kf7 37. Rc7+ Kf8 38. Nd1 Ng1+ 39. Kd2 Ra1 40. Be4 Rxa2 41. Rxh7 Ra4 42. c6 Rd4+ 43. Ke1 Nxf3+ 44. Bxf3 e4 45. Be2 f3 46. Bxa6 Bb3 47. Nc3 e3 48. c7 Be6 49. Rh8+ Kg7 50. Re8 f2+ 51. Ke2 Bh3 52. Kxe3 1-0

[Event "Verona Province-ch"]
[Site "Zevio Verona"]
[Date "2014.01.19"]
[Round "3"]
[White "Giuriato, Sergio"]
[Black "Bertani, Gianfranco"]
[Result "1-0"]
[WhiteElo "1936"]
[BlackElo "2071"]
[PlyCount "99"]
[EventDate "2014.01.18"]
[EventType "swiss"]
[EventRounds "6"]
[EventCountry "ITA"]
[SourceTitle "EXT 2015"]
[Source "ChessBase"]
[SourceDate "2014.11.20"]
[SourceVersion "1"]
[SourceVersionDate "2014.11.20"]
[SourceQuality "1"]

1. d4 d5 2. c4 e6 3. Nc3 f5 4. Nf3 Nf6 5. g3 c6 6. Bg2 Bd6 7. 0-0 0-0 8. Bf4 Bxf4 9. gxf4 Nbd7 10. Ne5 Ne4 11. e3 Qh4 12. Nxe4 fxe4 13. Qg4 Qxg4 14. Nxg4 b6 15. cxd5 exd5 16. f3 h5 17. Ne5 Nxe5 18. fxe5 exf3 19. Rxf3 Be6 20. Rc1 Rfc8 21. Rf2 Rab8 22. Rfc2 c5 23. Rc3 c4 24. e4 dxe4 25. Bxe4 Rd8 26. Rd1 b5 27. a3 Rbc8 28. Kf2 a5 29. Ke3 b4 30. axb4 axb4 31. Rcc1 c3 32. bxc3 bxc3 33. d5 Bg4 34. Rd4 Rc5 35. Rb4 g5 36. Rb7 Rdc8 37. e6 c2 38. Kd4 Bd1 39. Ke5 g4 40. Bg6 Rd8 41. Bf7+ Kh8 42. e7 Ra8 43. e8Q+ Rxe8+ 44. Bxe8 h4 45. Ba4 g3 46. hxg3 hxg3 47. Rb3 Rc4 48. Rxg3 Rxa4 49. d6 Rc4 50. d7 1-0

[Event "Arco Christmas op 4th"]
[Site "Arco"]
[Date "2013.12.28"]
[Round "4"]
[White "Bertani, Gianfranco"]
[Black "Barp, Alberto"]
[Result "1-0"]
[WhiteElo "2071"]
[BlackElo "1935"]
[PlyCount "69"]
[EventDate "2013.12.26"]
[EventType "swiss"]
[EventRounds "7"]
[EventCountry "ITA"]
[SourceTitle "CBM 158 Extra"]
[Source "ChessBase"]
[SourceDate "2014.02.28"]
[SourceVersion "1"]
[SourceVersionDate "2014.02.28"]
[SourceQuality "1"]

1. d4 d5 2. e3 Nf6 3. f4 c5 4. Nf3 e6 5. c3 Bd6 6. Bd3 0-0 7. 0-0 b6 8. Qe2 a5 9. Ne5 Ba6 10. Bxa6 Nxa6 11. Nd2 Nc7 12. a4 Qe8 13. g4 Nd7 14. e4 f6 15. Nxd7 Qxd7 16. e5 fxe5 17. dxe5 Be7 18. Nf3 b5 19. b3 c4 20. bxc4 bxa4 21. Nd4 dxc4 22. Qxc4 Nd5 23. Qxa4 Qxa4 24. Rxa4 Nxc3 25. Rc4 Rfc8 26. Nc6 Nd5 27. f5 Ra6 28. Nxe7+ Nxe7 29. Rxc8+ Nxc8 30. Ba3 Kf7 31. Rc1 Ra8 32. Rc7+ Kg8 33. f6 gxf6 34. exf6 Ra7 35. f7+ 1-0

[Event "Arco Christmas op 4th"]
[Site "Arco"]
[Date "2013.12.26"]
[Round "1"]
[White "Petragnani, Gian Giacomo"]
[Black "Bertani, Gianfranco"]
[Result "0-1"]
[WhiteElo "1742"]
[BlackElo "2071"]
[PlyCount "64"]
[EventDate "2013.12.26"]
[EventType "swiss"]
[EventRounds "7"]
[EventCountry "ITA"]
[SourceTitle "CBM 158 Extra"]
[Source "ChessBase"]
[SourceDate "2014.02.28"]
[SourceVersion "1"]
[SourceVersionDate "2014.02.28"]
[SourceQuality "1"]

1. c4 f5 2. g3 Nf6 3. Bg2 e6 4. Nc3 d5 5. e3 c6 6. b3 Bd6 7. Nge2 0-0 8. 0-0 Nbd7 9. d4 Qe7 10. c5 Bc7 11. a3 Ne4 12. f3 Nxc3 13. Nxc3 e5 14. Re1 e4 15. f4 Nf6 16. h3 Bd7 17. Bf1 h6 18. Be2 Kh8 19. h4 Nh7 20. h5 Rg8 21. Kf2 g5 22. hxg6 Rxg6 23. Bh5 Rg7 24. Rg1 Rag8 25. Be2 Nf6 26. Qf1 Rh7 27. Bd1 h5 28. Ne2 Ng4+ 29. Ke1 Nh2 30. Qf2 Nf3+ 31. Kf1 Nxg1 32. Nxg1 h4 0-1

[Event "Basso Veronese op 6th"]
[Site "Casaleone"]
[Date "2013.05.17"]
[Round "1"]
[White "Brunelli, Flavio"]
[Black "Bertani, Gianfranco"]
[Result "0-1"]
[WhiteElo "1755"]
[BlackElo "2067"]
[PlyCount "46"]
[EventDate "2013.05.17"]
[EventType "swiss"]
[EventRounds "5"]
[EventCountry "ITA"]
[SourceTitle "EXT 2014"]
[Source "ChessBase"]
[SourceDate "2013.11.20"]
[SourceVersion "1"]
[SourceVersionDate "2013.11.20"]
[SourceQuality "1"]

1. e4 c5 2. Nf3 e6 3. d4 cxd4 4. Nxd4 a6 5. Bc4 Nc6 6. 0-0 Qc7 7. Bb3 Nf6 8. Re1 Bd6 9. g3 0-0 10. Bg5 Nxd4 11. Bxf6 gxf6 12. Qxd4 Be5 13. Qd1 Bxb2 14. Qg4+ Kh8 15. e5 Bxa1 16. c3 fxe5 17. Nd2 f5 18. Qh4 Bxc3 19. Rc1 d5 20. Nb1 d4 21. Nd2 e4 22. Qh6 Qg7 23. Qh4 Bxd2 0-1

[Event "Mantova Province-ch"]
[Site "Mantova"]
[Date "2013.03.15"]
[Round "5"]
[White "Bertani, Gianfranco"]
[Black "Beltrami, Nerio"]
[Result "1-0"]
[WhiteElo "2057"]
[BlackElo "1907"]
[PlyCount "93"]
[EventDate "2013.02.15"]
[EventType "swiss"]
[EventRounds "6"]
[EventCountry "ITA"]
[SourceTitle "EXT 2014"]
[Source "ChessBase"]
[SourceDate "2013.11.20"]
[SourceVersion "1"]
[SourceVersionDate "2013.11.20"]
[SourceQuality "1"]

1. d4 g6 2. Bf4 Bg7 3. Nf3 Nf6 4. Nc3 d6 5. Qd2 Nbd7 6. Bh6 0-0 7. 0-0-0 c6 8. Bxg7 Kxg7 9. e4 Qa5 10. Bd3 b5 11. e5 dxe5 12. dxe5 Ng4 13. h4 b4 14. Ne4 Qxa2 15. Qxb4 Rb8 16. Qc3 e6 17. b3 Nb6 18. h5 Nd5 19. Qb2 Qa5 20. hxg6 fxg6 21. Nd4 Qb6 22. Ng5 Rh8 23. Ndxe6+ Bxe6 24. Nxe6+ Kg8 25. Rd2 Re8 26. Ng5 Nxf2 27. Rf1 Nxd3+ 28. Rxd3 Rf8 29. Rxf8+ Kxf8 30. e6 Qg1+ 31. Rd1 Qe3+ 32. Kb1 Nc3+ 33. Ka1 Ke8 34. Nf7 Rf8 35. Rh1 h5 36. Nd6+ Kd8 37. Qa3 Rf2 38. Nc4 Qxe6 39. Qa5+ Kc8 40. Qxc3 Rxg2 41. Re1 Qd7 42. Qh8+ Kb7 43. Qf6 Ka6 44. Kb2 Qd5 45. Ra1+ Kb7 46. Qe7+ Kc8 47. Nd6+ 1-0

[Event "Mantova Province-ch"]
[Site "Mantova"]
[Date "2013.03.08"]
[Round "4"]
[White "Pietralunga, Nicola"]
[Black "Bertani, Gianfranco"]
[Result "0-1"]
[WhiteElo "2108"]
[BlackElo "2057"]
[PlyCount "46"]
[EventDate "2013.02.15"]
[EventType "swiss"]
[EventRounds "6"]
[EventCountry "ITA"]
[SourceTitle "EXT 2014"]
[Source "ChessBase"]
[SourceDate "2013.11.20"]
[SourceVersion "1"]
[SourceVersionDate "2013.11.20"]
[SourceQuality "1"]

1. d4 f5 2. Nc3 d5 3. Nf3 e6 4. Bf4 Nf6 5. e3 c6 6. Bd3 Be7 7. Qe2 0-0 8. 0-0 Qe8 9. Nd2 Nbd7 10. Rae1 a6 11. f3 c5 12. dxc5 Nxc5 13. e4 fxe4 14. fxe4 Nxd3 15. Qxd3 Bc5+ 16. Kh1 Ng4 17. Nd1 Qh5 18. Bg3 Bd7 19. exd5 exd5 20. Ne3 Bxe3 21. Rxe3 Rxf1+ 22. Nxf1 Bb5 23. Qd1 Nf2+ 0-1

[Event "Mantova Province-ch"]
[Site "Mantova"]
[Date "2013.02.22"]
[Round "2"]
[White "Baroni, Alessandro"]
[Black "Bertani, Gianfranco"]
[Result "0-1"]
[WhiteElo "1949"]
[BlackElo "2057"]
[PlyCount "58"]
[EventDate "2013.02.15"]
[EventType "swiss"]
[EventRounds "6"]
[EventCountry "ITA"]
[SourceTitle "EXT 2014"]
[Source "ChessBase"]
[SourceDate "2013.11.20"]
[SourceVersion "1"]
[SourceVersionDate "2013.11.20"]
[SourceQuality "1"]

1. e4 c5 2. c3 d6 3. d4 Nf6 4. dxc5 Nc6 5. f3 d5 6. exd5 Nxd5 7. Bc4 e6 8. Bxd5 exd5 9. Be3 Bf5 10. Ne2 Qd7 11. Na3 b6 12. cxb6 Bxa3 13. bxa3 axb6 14. Bxb6 0-0 15. 0-0 Rfb8 16. Bc5 Rb2 17. Nd4 Nxd4 18. Qxd4 Re8 19. Rf2 Ree2 20. Rxe2 Rxe2 21. Rd1 h6 22. Qxd5 Re1+ 23. Kf2 Rxd1 24. Qxd7 Bxd7 25. Bb4 Rd2+ 26. Kg3 g5 27. c4 Rxa2 28. h3 f5 29. c5 f4+ 0-1

[Event "Mantova op-A 2nd"]
[Site "Mantova"]
[Date "2012.01.07"]
[Round "8"]
[White "Lantini, Marco"]
[Black "Bertani, Gianfranco"]
[Result "1-0"]
[WhiteElo "2136"]
[BlackElo "2059"]
[PlyCount "61"]
[EventDate "2012.01.02"]
[EventType "swiss"]
[EventRounds "9"]
[EventCountry "ITA"]
[SourceTitle "CBM 146 Extra"]
[Source "ChessBase"]
[SourceDate "2012.02.29"]
[SourceVersion "1"]
[SourceVersionDate "2012.02.29"]
[SourceQuality "1"]

1. e4 c5 2. Nf3 d6 3. d4 cxd4 4. Nxd4 Nf6 5. Nc3 g6 6. f4 Nbd7 7. Nf3 Qa5 8. Qd4 Bg7 9. e5 Ng4 10. h3 dxe5 11. Qd5 Qb4 12. hxg4 e4 13. Ne5 0-0 14. Qxe4 Qa5 15. Qd5 Nc5 16. Be3 b6 17. Bxc5 Be6 18. Qe4 Qxc5 19. 0-0-0 Rad8 20. Be2 Rd6 21. Na4 Qc7 22. Kb1 b5 23. Nc3 a6 24. Nd5 Rxd5 25. Rxd5 Rc8 26. Rc1 Qa5 27. a3 Bxd5 28. Qxd5 e6 29. Qd7 Rc7 30. Qd8+ Bf8 31. Nd7 1-0

[Event "Mantova op-A 2nd"]
[Site "Mantova"]
[Date "2012.01.02"]
[Round "1"]
[White "Dvirnyy, Danyyil"]
[Black "Bertani, Gianfranco"]
[Result "1-0"]
[WhiteElo "2492"]
[BlackElo "2059"]
[PlyCount "39"]
[EventDate "2012.01.02"]
[EventType "swiss"]
[EventRounds "9"]
[EventCountry "ITA"]
[SourceTitle "CBM 146 Extra"]
[Source "ChessBase"]
[SourceDate "2012.02.29"]
[SourceVersion "1"]
[SourceVersionDate "2012.02.29"]
[SourceQuality "1"]

1. e4 c5 2. Nf3 d6 3. d4 cxd4 4. Nxd4 Nf6 5. Nc3 g6 6. Be3 Bg7 7. Be2 a6 8. Qd2 b5 9. Bf3 e5 10. Nf5 Bf8 11. Rd1 d5 12. Bg5 d4 13. Nd5 Nbd7 14. Nxd4 exd4 15. Nxf6+ Nxf6 16. e5 Bh6 17. Bxh6 Bg4 18. exf6 Bxf3 19. gxf3 Qxf6 20. Qxd4 1-0

[Event "Basso Veronese op 4th"]
[Site "Casaleone"]
[Date "2011.06.05"]
[Round "6"]
[White "Molinaroli, Giacomo"]
[Black "Bertani, Gianfranco"]
[Result "0-1"]
[WhiteElo "1852"]
[BlackElo "2063"]
[PlyCount "104"]
[EventDate "2011.05.28"]
[EventType "swiss"]
[EventRounds "6"]
[EventCountry "ITA"]
[SourceTitle "EXT 2023"]
[Source "ChessBase"]
[SourceDate "2022.10.05"]
[SourceVersion "1"]
[SourceVersionDate "2022.10.05"]
[SourceQuality "1"]

1. e4 c5 2. Nf3 Nc6 3. c3 d6 4. d4 Nf6 5. Bd3 Bg4 6. dxc5 dxc5 7. 0-0 e6 8. Bf4 Be7 9. Qe2 0-0 10. Na3 Nh5 11. Bg3 Nxg3 12. hxg3 Ne5 13. Rad1 Qc7 14. Bc2 a6 15. Nc4 Nxc4 16. Qxc4 b5 17. Qe2 c4 18. e5 Bxf3 19. gxf3 a5 20. Qe4 g6 21. Rd2 Rfd8 22. Rfd1 Rxd2 23. Rxd2 Rc8 24. f4 Bc5 25. Kg2 Kg7 26. a4 Qb6 27. axb5 Qxb5 28. Bd1 a4 29. g4 a3 30. bxa3 Bxa3 31. f5 exf5 32. gxf5 Bb2 33. f6+ Kg8 34. Qf4 Ba3 35. Bg4 Qc6+ 36. f3 Ra8 37. Bd7 Qc7 38. Qd4 Bc5 39. Qd5 Ra1 40. f4 Bf8 41. Qe4 Qa7 42. Qd4 Bc5 43. Qd5 Qa3 44. e6 Qxc3 45. exf7+ Kh8 46. f8Q+ Bxf8 47. f7 Kg7 48. Bg4 Qe3 49. Qd4+ Qxd4 50. Rxd4 c3 51. Be6 c2 52. Rc4 c1Q 0-1